000 01490nam a2200457 i 4500
001 5620
003 KOSZ 005
005 20220622130159.0
008 970510s1993 pl a f |000 0 pol
015 _aPB 1993/348
020 _a8320889053
035 _a991000800699705066
035 _a(PL-WaBN)b10252277-48omnis_nlop
035 _ab10252277
035 _a(OCoLC)749580810
035 _a(PL)b0000001025227
035 _a(EXLNZ-48OMNIS_NETWORK)9910387162205606
040 _aWA N
_cWA N
_dKOSZ 005/EG
041 _apol
046 _k1993
080 _a330.567.2(438)"1980/1989"
100 1 _aKramer, Józefa
_d(1930- )
_eAutor
245 1 0 _aKonsumpcja :
_bprawidłowości, struktura, przyszłość /
_cJózefa Kramer.
260 _aWarszawa :
_bPańst. Wydaw. Ekonomiczne,
_c1993.
300 _a249 s. :
_brys., wykr. ;
_c21 cm.
336 _2rdacontent
_aTekst
_btxt
337 _2rdamedia
_aBez urządzenia pośredniczącego
_bn
338 _2rdacarrier
_aWolumin
_bnc
380 _aKsiążki
380 _aPublikacje fachowe
388 _a1901-2000
388 _a1989-2000
504 _aBibliogr. s. 247-249.
650 7 _aKonsumpcja (ekonomia)
_2DBN
651 _aPolska
658 _aGospodarka, ekonomia, finanse
710 2 _aPaństwowe Wydawnictwo Ekonomiczne
_4pbl
856 _uhttp://koha.tu.koszalin.pl/cgi-bin/koha/opac-detail.pl?biblionumber=5620
_yKatalog online BPK
942 _2UKD
_cKS
999 _c5620
_d5620